| 000 | 00581nam a2200217Ia 4500 | ||
|---|---|---|---|
| 003 | OSt | ||
| 005 | 20260107155702.0 | ||
| 008 | 008 250505s9999 xx 000 0 eng d | ||
| 020 | _a81-86684-52-2 | ||
| 037 | _aTextbook | ||
| 040 |
_aFEDL _beng _cFEDL |
||
| 041 |
_aeng _2eng |
||
| 082 | _a370.19, OLS | ||
| 100 |
_aOlsen Edward G Ed. _9862817 |
||
| 245 | 0 | _aSchool and community | |
| 250 | _a2 | ||
| 260 |
_aNew York, USA _bPrentice-Hall, Inc _c1954 |
||
| 300 | _aviii,534p | ||
| 942 |
_cTB _h370.19, OLS _2ddc _n0 |
||
| 999 |
_c1330691 _d1330691 |
||